Разказ за чистотата (Запис номер 444170)
[ съкратено ]
| 000 -Лидер | |
|---|---|
| Контролно поле с фиксирана дължина | nam a22 a 4500 |
| 003 - Код на организацията, давaща контролен номер | |
| Контролно поле | BLK |
| 005 - Дата и час на последна редакция | |
| Контролно поле | 20220208160617.0 |
| 008 - Елементи от данни с фиксирана дължина | |
| fixed length control field | 220208b bu |||||r|||| 00| | bu d |
| 040 ## - Източник на каталожния запис | |
| Идентификатор на билиотеката - собственик на записа | BLK |
| 041 ## - Код за език | |
| Код за езика на текст/звукозапис или на отделно заглавие | Български |
| Код за езика КДБФ | Български |
| 080 ## - УДК | |
| Текстов определител УДК | Хигиена. Лично здраве. Вж и 614 ; 616-083 |
| УДК код - определител по УДК | 613 |
| УДК - код + определител | 613 |
| 100 ## - Редна дума - Автор | |
| R(LIN) | 245762 |
| Автор | Соловьов, Владимир Сергеевич |
| Авторска отговорност | първи автор |
| 139 ## - Редно поле | |
| Редна дума | Соловьов, Владимир Сергеевич |
| 245 ## - Сведения за заглавието | |
| Заглавие | Разказ за чистотата |
| Редно поле (дума) | В. С. Соловьов ; прев. от рус. Михаил Йорданов |
| 260 ## - Област на издателските данни | |
| 9 (RLIN) | 209548 |
| Място на издаване, разпространение и проч. | София |
| Име на издателя, разпространителя и проч. | Наука и изкуство |
| Година на издаване | 1953 |
| Издателство - префикс ISBN | 978-954-02- |
| 300 ## - Физическа характеристика | |
| Страници | 58 с. |
| Илюстрации и др. | с ил. |
| Размери/Мащаб | 17 см |
| 380 ## - Жанр | |
| Жанр | Медицина |
| 650 #7 - Допълнително описание по предмет – тема | |
| 9 (RLIN) | 176449 |
| Основно описание – тема или топоним | Хигиена, лична |
| 653 #7 - Ключова дума – ненормативна | |
| 9 (RLIN) | 200686 |
| Ключова дума | чистота |
| 653 #7 - Ключова дума – ненормативна | |
| 9 (RLIN) | 190032 |
| Ключова дума | лична хигиена |
| 700 ## - Други автори (авторска отговорност) | |
| 9 (RLIN) | 1121 |
| Лично име | Йорданов, Михаил |
| Автороска отговорност (Описва отношението между автора и произведението) | прев. от рус. |
| 852 ## - Местоположение | |
| Форматна сигнатура | Цб I 1201 |
| Фондова буква | Основен фонд - ползва се само за читалня |
| 999 ## - СИСТЕМНИ КОНТРОЛНИ НОМЕРА | |
| Koha biblionumber | 444170 |
| Koha biblioitemnumber | 444170 |
| 942 ## - АРТИКУЛИ | |
| Вид на библиотечния материал | Книги |
| Скрит в OPAC | Не |
| Периодичен библиозапис | Да |
| 944 ## - СЪЗДАВАНЕ И РЕДАКЦИЯ на ЗАПИСА | |
| Създаване/Редакция | Създаване |
| Дата на регистрацията/редакция | 2022-02-08 |
| Служител, извършил регистрацията/редакцията | Христина Везирева |
| Код за отписване | Код за изгубен артикул | Източник на класификационната схема | Код за повреда | Коз за рестрикции | Код за отдаване | Артикулен № | Име на библиотеката - собственик | Име на библиотеката, в която се намира в момента | Статус (Текущо местоположение) | Дата на вписване в системата | Местоположение - отдел | Цена в лева | Инвентарен номер | Систематично азбучна сигнатура | Баркод | Цена в евро | Служебен тип на артикула |
|---|---|---|---|---|---|---|---|---|---|---|---|---|---|---|---|---|---|
| Не е изгубен | Universal Decimal Classification | Не е повреден | без рестрикции | ползва се в читалня | 870117 | Регионална библиотека "Любен Каравелов" Русе | Регионална библиотека "Любен Каравелов" Русе | Основен фонд - ползва се само за читалня | 2022-02-09 | Хранилище | 0.08 | 4129/57 | Цб I 1201 | 900000025093 | 0.04 | Книги |